Leviatán (Record no. 180252)

MARC details
000 -LEADER
campo de control de longitud fija 01033nam a2200313 i 4500
001 - NÚMERO DE CONTROL
campo de control 180252
003 - IDENTIFICADOR DE NÚMERO DE CONTROL
campo de control ES-MaACL
005 - FECHA Y HORA DE LA ÚLTIMA TRANSACCIÓN
campo de control 20250405232724.0
008 - DATOS DE LONGITUD FIJA--INFORMACIÓN GENERAL
campo de control de longitud fija 120521s2010 sp ao |||| | spa d
020 ## - NÚMERO INTERNACIONAL ESTÁNDAR DEL LIBRO
Número Internacional Estándar del Libro 978-84-937809-4-4
080 ## - NÚMERO DE LA CLASIFICACIÓN DECIMAL UNIVERSAL
Número de la Clasificación Decimal Universal 599.5(0:82)
080 ## - NÚMERO DE LA CLASIFICACIÓN DECIMAL UNIVERSAL
Número de la Clasificación Decimal Universal 82.09
100 1# - ENTRADA PRINCIPAL--NOMBRE DE PERSONA
Nombre de persona Hoare, Philip.
9 (RLIN) 150056
245 10 - MENCIÓN DEL TÍTULO
Título Leviatán
Resto del título o La ballena /
Mención de responsabilidad, etc. Philip Hoare ; traducción, Joan Eloi Roca.
246 30 - FORMA VARIANTE DEL TITULO
Título propio/Titulo breve La ballena
250 ## - MENCION DE EDICION
Mención de edición 1ª ed.; 2ª reimpr.
260 ## - PUBLICACIÓN, DISTRIBUCIÓN, ETC.
Lugar de publicación, distribución, etc. Barcelona :
Nombre del editor, distribuidor, etc. Ático de los Libros,
Fecha de publicación, distribución, etc. 2010.
300 ## - DESCRIPCIÓN FÍSICA
Extensión 510 p. :
Otras características físicas il., fot. ;
Dimensiones 21 cm.
490 1# - MENCIÓN DE SERIE
Mención de serie Ático de los Libros ;
Designación de volumen o secuencia 6
504 ## - NOTA DE BIBLIOGRAFÍA, ETC.
Nota de bibliografía, etc. Bibliografía: p. 497-502.
586 ## - NOTA DE PREMIOS
Nota de premios Premio BBC Samuel Johnson de No Ficción, 2009
650 #7 - PUNTO DE ACCESO ADICIONAL DE MATERIA--TÉRMINO DE MATERIA
Término de materia o nombre geográfico como elemento de entrada Ballenas.
9 (RLIN) 150057
700 1# - ENTRADA AGREGADA--NOMBRE PERSONAL
Nombre de persona Roca, Juan Eloy,
Fechas asociadas al nombre 1974-
9 (RLIN) 150059
830 0# - PUNTO DE ACCESO ADICIONAL DE SERIE-TÍTULO UNIFORME
Título uniforme Ático de los Libros ;
Designación de volumen o secuencia 6
9 (RLIN) 224617
852 ## - LOCALIZACIÓN
Ubicación ES-MaACL
Número de control de estantería A-12116
itemnumber 187165
Sublocalización o colección R.148303
Ubicación en estantería Depósito 1
Signatura antigua Olim: N-5121
942 ## - ELEMENTOS DE ENTRADA SECUNDARIOS (KOHA)
Fuente del sistema de clasificación o colocación Clasificación decimal universal
Tipo de ítem Koha Libro impreso
Holdings
Estatus retirado Estado de pérdida Fuente del sistema de clasificación o colocación Estado de daño No para préstamo Biblioteca de origen Biblioteca actual Ubicación en estantería Fecha de adquisición Fuente de adquisición Total de préstamos Signatura topográfica completa Código de barras Visto por última vez Precio de reemplazo Tipo de ítem Koha
    Clasificación decimal universal     Biblioteca del Ateneo de Madrid Biblioteca del Ateneo de Madrid Depósito 1 21/05/2012 Compra   A-12116 1189404 23/02/2023 23/02/2023 Libro impreso